Sabrina Carpenter - Paroles bet u wanna - Statistiques

Statistiques générales
  • Ce quiz a été pris 17 fois
  • Le résultat moyen est 361 sur 367
Statistiques - réponses
Hint Réponse % Correct
about
100%
all
100%
All
100%
And
100%
and
100%
are
100%
babe
100%
baby,
100%
(baby)
100%
back,
100%
been
100%
Bet
100%
bet
100%
between
100%
'bout
100%
But
100%
called
100%
Couplet 2 Chase
100%
chase
100%
control
100%
could
100%
Refrain Didn't
100%
didn't
100%
don't
100%
down
100%
empty
100%
feel
100%
feels
100%
found
100%
found)
100%
friends
100%
go
100%
gone
100%
goodbye
100%
hate
100%
have
100%
I
100%
If
100%
if
100%
I'll
100%
I'm
100%
it
100%
It's
100%
keep
100%
know
100%
left
100%
let
100%
Let
100%
(let
100%
Lies
100%
light
100%
lights
100%
love
100%
me,
100%
me
100%
miss
100%
Now
100%
now
100%
now)
100%
of
100%
off
100%
Oh,
100%
(oh,
100%
On
100%
only
100%
other
100%
right,
100%
said
100%
satisfied
100%
say
100%
see
100%
side
100%
Slowly,
100%
slowly
100%
so
100%
sold
100%
space
100%
stay
100%
that
100%
That's
100%
the
100%
think
100%
time
100%
to
100%
Couplet 1 Told
100%
told
100%
touch
100%
Touché
100%
unfolding,
100%
wanna
100%
wasting
100%
way
100%
what
100%
when
100%
When
100%
who
100%
why
100%
you
100%
Pré-refrain You
100%
you'd
100%
your
100%
Your
100%
you're
100%
can't
86%
cold
86%
day
86%
dry
86%
even
86%
fears?
86%
holdin'
86%
Hurts
86%
Is
86%
out
86%
reach
86%
saw
86%
still
86%
tell
86%
there
86%
feeding
71%
yeah
71%
reminiscing
57%
Aucun quiz correspondant
Distribution des résultats
% des personnes avec chaque résultat
Percentile par nombre de réponses
Votre historique - résultats
Vous n’avez pas pris ce quiz